<?xml version="1.0" encoding="UTF-8"?>
<record
    xmlns:xsi="http://www.w3.org/2001/XMLSchema-instance"
    xsi:schemaLocation="http://www.loc.gov/MARC21/slim http://www.loc.gov/standards/marcxml/schema/MARC21slim.xsd"
    xmlns="http://www.loc.gov/MARC21/slim">

  <leader>01021cam a2200265 a 4500</leader>
  <controlfield tag="001">ne 68005048 </controlfield>
  <controlfield tag="003">DLC</controlfield>
  <controlfield tag="005">20260227111852.0</controlfield>
  <controlfield tag="008">700729s1968    ir            000 0 per  </controlfield>
  <datafield tag="010" ind1=" " ind2=" ">
    <subfield code="a">ne 68005048 </subfield>
  </datafield>
  <datafield tag="040" ind1=" " ind2=" ">
    <subfield code="a">DLC</subfield>
    <subfield code="c">DLC</subfield>
    <subfield code="d">DLC</subfield>
  </datafield>
  <datafield tag="041" ind1="0" ind2=" ">
    <subfield code="a">per</subfield>
    <subfield code="a">kur</subfield>
  </datafield>
  <datafield tag="050" ind1="0" ind2="0">
    <subfield code="a">PK6905</subfield>
    <subfield code="b">.K5</subfield>
  </datafield>
  <datafield tag="066" ind1=" " ind2=" ">
    <subfield code="c">(3</subfield>
    <subfield code="c">(4</subfield>
  </datafield>
  <datafield tag="100" ind1="1" ind2=" ">
    <subfield code="6">880-01</subfield>
    <subfield code="a">Khurram&#x2B9;dil, Mu&#x1E63;&#x1E6D;af&#xE1;.</subfield>
  </datafield>
  <datafield tag="245" ind1="1" ind2="0">
    <subfield code="6">880-02</subfield>
    <subfield code="a">Muk&#x101;lamah-i r&#x16B;zmarrah-i zab&#x101;n-i Kurd&#x12B; /</subfield>
    <subfield code="c">ta&#x2BC;l&#x12B;f-i, Mu&#x1E63;&#x1E6D;af&#xE1; Khurram'dil.</subfield>
  </datafield>
  <datafield tag="260" ind1=" " ind2=" ">
    <subfield code="6">880-03</subfield>
    <subfield code="a">Tabr&#x12B;z :</subfield>
    <subfield code="b">Mah&#x101;b&#x101;d,</subfield>
    <subfield code="c">1347 [1968]</subfield>
  </datafield>
  <datafield tag="300" ind1=" " ind2=" ">
    <subfield code="a">173 p. ;</subfield>
    <subfield code="c">21 cm.</subfield>
  </datafield>
  <datafield tag="546" ind1=" " ind2=" ">
    <subfield code="a">In Persian and Sorani Kurdish</subfield>
    <subfield code="b">(Arabic script).</subfield>
  </datafield>
  <datafield tag="650" ind1=" " ind2="0">
    <subfield code="a">Kurdish language</subfield>
    <subfield code="x">Conversation and phrase books</subfield>
    <subfield code="x">Persian.</subfield>
  </datafield>
  <datafield tag="650" ind1=" " ind2="0">
    <subfield code="a">Kurdish language</subfield>
    <subfield code="v">Textbooks for foreign speakers</subfield>
    <subfield code="x">Persian.</subfield>
  </datafield>
  <datafield tag="880" ind1="1" ind2=" ">
    <subfield code="6">100-01/(3/r</subfield>
    <subfield code="a">&#x62E;&#x631;&#x645;&#x200C;&#x62F;&#x644;&#x60C; &#x645;&#x635;&#x637;&#x641;&#x649;.</subfield>
  </datafield>
  <datafield tag="880" ind1="1" ind2="0">
    <subfield code="6">245-02/(3/r</subfield>
    <subfield code="a">&#x645;&#x643;&#x627;&#x644;&#x645;&#x647; &#x631;&#x648;&#x632;&#x645;&#x631;&#x647; &#x632;&#x628;&#x627;&#x646; &#x643;&#x631;&#x62F;&#x649; /</subfield>
    <subfield code="c">&#x62A;&#x623;&#x644;&#x64A;&#x641;&#x60C; &#x645;&#x635;&#x637;&#x641;&#x649; &#x62E;&#x631;&#x645;&#x200C;&#x62F;&#x644;.</subfield>
  </datafield>
  <datafield tag="880" ind1=" " ind2=" ">
    <subfield code="6">260-03/(3/r</subfield>
    <subfield code="a">&#x62A;&#x628;&#x631;&#x64A;&#x632; :</subfield>
    <subfield code="b">&#x645;&#x647;&#x627;&#x628;&#x627;&#x62F;&#x60C;</subfield>
    <subfield code="c">1347 [1968].</subfield>
  </datafield>
  <datafield tag="999" ind1=" " ind2=" ">
    <subfield code="c">51200</subfield>
    <subfield code="d">51200</subfield>
  </datafield>
</record>
